DENTISTRY FOR THE CHILD AND ADOLESCENT (Record no. 12313)
[ view plain ]
| 000 -LEADER | |
|---|---|
| fixed length control field | 00381nam a22001577a 4500 |
| 003 - CONTROL NUMBER IDENTIFIER | |
| control field | SGT |
| 020 ## - INTERNATIONAL STANDARD BOOK NUMBER | |
| International Standard Book Number | 9788131246986 |
| 082 ## - DEWEY DECIMAL CLASSIFICATION NUMBER | |
| Classification number | 617.645 |
| Item number | M16D |
| 100 ## - MAIN ENTRY--PERSONAL NAME | |
| Personal name | MCDONALD, DEAN |
| 245 ## - TITLE STATEMENT | |
| Title | DENTISTRY FOR THE CHILD AND ADOLESCENT |
| 250 ## - EDITION STATEMENT | |
| Edition statement | 1ST SOUTH ASIA EDITION |
| 260 ## - PUBLICATION, DISTRIBUTION, ETC. (IMPRINT) | |
| Place of publication, distribution, etc | NEW DELHI |
| Name of publisher, distributor, etc | ELSEVIER INDIA |
| Year of Publication | 2016 |
| 300 ## - PAGE DESCRIPTION | |
| No. of Pages | 700 |
| 650 ## - SUBJECT ADDED ENTRY--TOPICAL TERM | |
| Topical term or geographic name as entry element | PEDODONTICS |
| 942 ## - ADDED ENTRY ELEMENTS (KOHA) | |
| Source of classification or shelving scheme | Dewey Decimal Classification |
| Koha item type | Books |
| 942 ## - ADDED ENTRY ELEMENTS (KOHA) | |
| -- | 28 |
| Withdrawn status | Lost status | Source of classification or shelving scheme | Damaged status | Not for loan | Home library | Current library | Shelving location | Date acquired | Vendor Name | Cost, normal purchase price | SGTU | Bill Number | Total Checkouts | Full call number | Accession No. (Barcode) | Date last seen | Date last borrowed | Bill Date | Koha item type |
|---|---|---|---|---|---|---|---|---|---|---|---|---|---|---|---|---|---|---|---|
| Dewey Decimal Classification | SGT Dental Library | SGT Dental Library | On Display | 10/07/2017 | ELEVIER | 1595.00 | SGTU | 8252 | 5 | 617.645 M16D | FD7556 | 09/03/2026 | 23/02/2026 | 14/06/2017 | Books | ||||
| Dewey Decimal Classification | SGT Dental Library | SGT Dental Library | On Display | 10/07/2017 | ELEVIER | 1595.00 | SGTU | 8252 | 10 | 617.645 M16D | FD7557 | 02/03/2026 | 25/02/2026 | 14/06/2017 | Books | ||||
| Dewey Decimal Classification | SGT Dental Library | SGT Dental Library | On Display | 10/07/2017 | ELEVIER | 1595.00 | SGTU | 8252 | 8 | 617.645 M16D | FD7558 | 18/06/2022 | 26/03/2022 | 14/06/2017 | Books | ||||
| Dewey Decimal Classification | SGT Dental Library | SGT Dental Library | On Display | 10/07/2017 | ELEVIER | 1595.00 | SGTU | 8252 | 16 | 617.645 M16D | FD7559 | 16/01/2026 | 24/12/2025 | 14/06/2017 | Books | ||||
| Dewey Decimal Classification | SGT Dental Library | SGT Dental Library | On Display | 10/07/2017 | ELEVIER | 1595.00 | SGTU | 8252 | 1 | 617.645 M16D | FD7560 | 09/07/2025 | 20/06/2025 | 14/06/2017 | Books |